MARC

LEADER 00000nam0a2200000 4500
001 298822
005 20231102001137.0
020 |a RU  |b 82-77755 
035 |a (RuTPU)RU\TPU\book\323972 
090 |a 298822 
100 |a 20150622d1982 km y0rusy5003 ca 
101 0 |a rus 
102 |a RU 
105 |a y z 000zy 
200 1 |a Надежность авиационных систем  |f Е. Ю. Барзилович, В. Г. Мезенцев, М. В. Савенков 
210 |a Москва  |c Транспорт  |d 1982 
215 |a 182 с.  |d 22 см 
225 1 |a Надежность и качество : межиздательская серия 
320 |a Библиогр.: с. 179-180 
606 1 |a Авиационные детали  |x Надежность  |2 stltpush  |3 (RuTPU)RU\TPU\subj\358  |9 29310 
610 1 |a летательные аппараты 
610 1 |a математическая статистика 
610 1 |a измерения 
610 1 |a эксплуатационные данные 
610 1 |a обработка 
610 1 |a авиационная техника 
610 1 |a старение 
610 1 |a оценка 
610 1 |a отказы 
610 1 |a возникновение 
610 1 |a параметры 
610 1 |a изменение 
610 1 |a статистическое прогнозирование 
675 |a 629.73.017.1  |z rus  |v 4 
700 1 |a Барзилович  |b Е. Ю.  |g Евгений Юрьевич  |4 070 
701 1 |a Мезенцев  |b В. Г.  |g Вячеслав Григорьевич 
701 1 |a Савенков  |b М. В.  |g Максим Васильевич 
801 0 |a RU  |b RuMRKP  |c 19950704  |g psbo 
801 1 |a RU  |b 63413507  |c 20150622 
801 2 |a RU  |b 63413507  |c 20170728  |g RCR 
942 |c BK